North America Country Map Click Quiz in Chinese - Statistics

General Stats
  • This quiz has been taken 31 times
  • The average score is 19 of 23
Answers on the Map
Answers color-coded by a green-red scale on the quiz's map according to % correct below.
 
Answer Stats
Answer % Correct
Bāhāmǎ
95%
Bānámǎ
95%
Bó lìzī
95%
Hǎidì
95%
Hóngdūlāsī
95%
Jiānádà
95%
Tè lì ní dá hé duō bā gē
95%
Ān tí guā hé bā bù dá
90%
Bābāduōsī
90%
Duō míng ní jiā gònghéguó
90%
Gǔbā
90%
Níjiālāguā
90%
Duōmǐníjiā
85%
Mòxīgē
80%
Shèng jī cí hé ní wéi sī
80%
Shèngwénsēntè hé gélín nà dīng sī
80%
Yámǎijiā
80%
Gélínnàdá
75%
Měiguó
75%
Sà'ěrwǎduō
75%
Shèng lú xīyǎ
70%
Wēidìmǎlā
70%
Gēsīdálíjiā
60%
No matching quizzes found
Score Distribution
Percent of People with Each Score
Percentile by Number Answered
Your Score History
You have not taken this quiz